000 00942nam a22002537a 4500
999 _c3298
_d3298
003 AR-CdUCM
008 190306b ||||| |||| 00| 0 spa d
020 _a84-7232-380-3
040 _aMUNICIPALIDAD PROVINCIAL DEL CUSCO
_cBIBLIOTECA MUNICIPAL DEL CUSCO
082 _a382.6 /
_bAL45
100 _aAlonso, Jose Antonio
_910977
245 _aLa Empresa Exportadora Española Frente a Iberoamerica y la CEE :
_bEnsayo de una Tipología Diferenciada /
260 _aMadrid :
_bEdiciones Cultura Hispanica,
_c1985.
300 _aXIII, 263 paginas ;
_bGraficos, tablas, ilustraciones,
_c24cm
505 _aContenido- Especialización comercial -- Exportadora -- Comercial -- productiva -- Iberoamerica...
650 _aComercio
_9322
650 _aExportaciones
_94181
650 _aProductividad
_98809
650 _aEspaña
_9176
650 _aHispanica
_92734
700 _aDonoso, Vicente
_910978
942 _2ddc
_cLIBROS
945 _apjha